000
00241nam a2200097Ia 4500
001
799014
005
20250826170839.0
008
250824s9999 xx 000 0 und d
245
0
_a
MİMAR SİNAN VE ÇIRAĞI
_c
EDA BİLDEK
260
_b
GENÇ HAYAT
999
_c
799014
_d
799014